A shewing of God's love / (Record no. 118308)
[ view plain ]
| 000 -LEADER | |
|---|---|
| fixed length control field | 01052cam a2200289 i 4500 |
| 001 - CONTROL NUMBER | |
| control field | 3167081 |
| 003 - CONTROL NUMBER IDENTIFIER | |
| control field | ARRUPE |
| 005 - DATE AND TIME OF LATEST TRANSACTION | |
| control field | 20131009171052.0 |
| 008 - FIXED-LENGTH DATA ELEMENTS--GENERAL INFORMATION | |
| fixed length control field | 750811s1974 enk 000 0 eng |
| 010 ## - LIBRARY OF CONGRESS CONTROL NUMBER | |
| LC control number | 75321456 |
| 015 ## - NATIONAL BIBLIOGRAPHY NUMBER | |
| National bibliography number | GB75-10459 |
| 020 ## - INTERNATIONAL STANDARD BOOK NUMBER | |
| International Standard Book Number | 0722075448 : |
| Terms of availability | £1.25 |
| 040 ## - CATALOGING SOURCE | |
| Original cataloging agency | DLC |
| Transcribing agency | DLC |
| Modifying agency | DLC |
| 041 1# - LANGUAGE CODE | |
| Language code of text/sound track or separate title | engenm |
| 050 00 - LIBRARY OF CONGRESS CALL NUMBER | |
| Classification number | BV5080 |
| Item number | .J83.R32 1974 |
| 300 ## - PHYSICAL DESCRIPTION | |
| Dimensions | 20 cm. |
| 100 0# - MAIN ENTRY--PERSONAL NAME | |
| Personal name | Julian, |
| Titles and other words associated with a name | of Norwich, |
| Dates associated with a name | 1343- |
| 9 (RLIN) | 2373 |
| 240 10 - UNIFORM TITLE | |
| Uniform title | <a href="Revelations of divine love">Revelations of divine love</a> |
| 245 12 - TITLE STATEMENT | |
| Title | A shewing of God's love / |
| Statement of responsibility, etc | Julian of Norwich ; edited by Anna Maria Reynolds. |
| 260 ## - PUBLICATION, DISTRIBUTION, ETC. (IMPRINT) | |
| Place of publication, distribution, etc | London : |
| Name of publisher, distributor, etc | Sheed and Ward, |
| Date of publication, distribution, etc | 1974. |
| 300 ## - PHYSICAL DESCRIPTION | |
| Extent | lviii, 99 p. ; |
| 490 0# - SERIES STATEMENT | |
| Series statement | Spiritual masters |
| 500 ## - GENERAL NOTE | |
| General note | "This edition of the shorter version of the Revelations ... has been prepared from the unique fifteenth-century text as contained in British Museum Additional MS. 37790." |
| 650 #0 - SUBJECT ADDED ENTRY--TOPICAL TERM | |
| Topical term or geographic name as entry element | Devotional literature, English (Middle) |
| 9 (RLIN) | 2374 |
| 700 1# - ADDED ENTRY--PERSONAL NAME | |
| Personal name | Reynolds, Anna Maria. |
| 9 (RLIN) | 2375 |
| 906 ## - LOCAL DATA ELEMENT F, LDF (RLIN) | |
| a | 7 |
| b | cbc |
| c | orignew |
| d | 3 |
| e | ncip |
| f | 19 |
| g | y-gencatlg |
| 942 ## - ADDED ENTRY ELEMENTS (KOHA) | |
| Source of classification or shelving scheme | Library of Congress Classification |
| Koha item type | Monograph ( Printed materials) |
| Withdrawn status | Lost status | Source of classification or shelving scheme | Damaged status | Not for loan | Home library | Current library | Shelving location | Date acquired | Total Checkouts | Full call number | Barcode | Date last seen | Price effective from | Koha item type |
|---|---|---|---|---|---|---|---|---|---|---|---|---|---|---|
| Library of Congress Classification | ARRUPE LIBRARY | ARRUPE LIBRARY | Main Collection | 09/10/2013 | BV5080 .J83.R32 1974 | 46411070 | 24/01/2017 | 09/10/2013 | Monograph ( Printed materials) |